书目信息 |
| 题名: |
非成象聚光器光学
|
|
| 作者: | 威尔福德 , Welford , 维恩斯顿 , Winston 著 ;王国强 译 | |
| 分册: | ||
| 出版信息: | 北京 科学出版社 1987 |
|
| 页数: | 200页 | |
| 开本: | 19cm | |
| 丛书名: | ||
| 单 册: | ||
| 中图分类: | TK513.1 | |
| 科图分类: | ||
| 主题词: | 太阳能--技术 | |
| 电子资源: | ||
| ISBN: | ||
| 000 | 01010nam0 2200313 45 | |
| 001 | 0187006824 | |
| 005 | 20040520160603.1 | |
| 010 | @dCNY1.60 | |
| 091 | @a15031.869 | |
| 100 | @a19901117d1987 emky0chiy0121 ea | |
| 101 | 1 | @achi@ceng |
| 102 | @aCN@b110000 | |
| 105 | @ay z 000yy | |
| 106 | @ar | |
| 200 | 10 | @a非成象聚光器光学@Afei cheng xiang ju guang qi guang xue@e光和太阳能@f(美)威尔福德(Welford,W.T.), (美)维恩斯顿(Winston,R.)著@g王国强译 |
| 210 | @a北京@c科学出版社@d1987 | |
| 215 | @a200页@d19cm | |
| 300 | @a书名原文: The optics of nonimaging concentrators | |
| 510 | 1 | @aThe optics of nonimaging concentrators@zeng |
| 606 | 0 | @a太阳能@x技术 |
| 690 | @aTK513.1@v3 | |
| 701 | 1 | @a威尔福德@Awei er fu de@bW.T.@4著 |
| 701 | A1 | @aWelford@bW.T.@4著 |
| 701 | 1 | @a维恩斯顿@Awei en si dun@bR.@4著 |
| 701 | A1 | @aWinston@bR.@4著 |
| 702 | 0 | @a王国强@Awang guo qiang@4译 |
| 801 | 0 | @aCN@b深圳图书馆@c20040520 |
| 801 | 2 | @aCN@bNLC@c20040520 |
| 905 | @f1@b217013@f1@b217014@dTK513.1@e30 | |
| 非成象聚光器光学:光和太阳能/(美)威尔福德(Welford,W.T.), (美)维恩斯顿(Winston,R.)著/王国强译.-北京:科学出版社,1987 |
| 200页;19cm |
| 书名原文: The optics of nonimaging concentrators |
| ISBN :CNY1.60 |
| ● |
| 相关链接 |
|
|
|
|
正题名:非成象聚光器光学
索取号:TK513.1/30
 
预约/预借
| 序号 | 登录号 | 条形码 | 馆藏地/架位号 | 状态 | 备注 |
| 1 | 0217013 | 001366603 | 第三借阅区/ [索取号:TK513.1/30] | 在馆 | |
| 2 | 0217014 | 001367032 | 第三借阅区/ [索取号:TK513.1/30] | 在馆 | |
| 3 | 0217015 | 001366998 | 第二样本阅览室/ [索取号:TK513.1/30] | 在馆 |